000 00691nam a22002177a 4500
008 240706b mp ||||| |||| 00| 0 mon d
035 _a15251
040 _aBH0164090
_brus
_cMN-UlNLM
_dMN-UlNLM
_erda
041 _arus
042 _a83137
084 _2NNA
_a84/анг/
_bД-39
100 _aДефо Д
245 0 _aробинзон крузо
264 _aМинск
_bМеждународные отношения
_c1987
300 _a581х.
336 _2rdacontent
_atext
_btxt
337 _2rdamedia
_aunmediated
_bn
338 _2rdacarrier
_avolume
_bnc
650 _aроман роман Гарчиг: история полковника Джека
942 _2NNA
_cBK
999 _c1113703
_d1113760